[Event "Olympiad"]
[Site "Dresden GER"]
[Date "2008.11.22"]
[Round "9"]
[White "Huschenbeth, N."]
[Black "Roussel-Roozmon, Thomas"]
[Result "1/2-1/2"]
[WhiteElo "2417"]
[BlackElo "2486"]
[PlyCount "66"]
[EventDate "2008.11.13"]
[EventType "team"]
[EventRounds "11"]
[EventCountry "GER"]
[Source "Mark Crowther"]
[SourceDate "2008.11.24"]

1. e4 e5 2. Nf3 Nc6 3. Bb5 Nf6 4. d3 Ne7 5. O-O c6 6. Ba4 Ng6 7. d4 Nxe4 8.
dxe5 Nc5 9. Bb3 Be7 10. Nbd2 d5 11. exd6 Qxd6 12. Nc4 Qxd1 13. Rxd1 Bg4 14. Be3
O-O 15. Nd6 Nxb3 16. axb3 Bxd6 17. Rxd6 a6 18. Nd2 Rad8 19. Nc4 Rxd6 20. Nxd6
Rd8 21. Nxb7 Rd1+ 22. Rxd1 Bxd1 23. c3 Bxb3 24. Nc5 Bc4 25. f4 Kf8 26. f5 Nh4
27. g4 h5 28. h3 hxg4 29. hxg4 Nf3+ 30. Kf2 Ne5 31. Kg3 Be2 32. g5 Nd3 33. Nxa6
Nxb2 1/2-1/2

[Event "Olympiad"]
[Site "Dresden GER"]
[Date "2008.11.15"]
[Round "3"]
[White "Rowe, D."]
[Black "Roussel-Roozmon, Thomas"]
[Result "0-1"]
[WhiteElo "2203"]
[BlackElo "2486"]
[PlyCount "130"]
[EventDate "2008.11.13"]
[EventType "team"]
[EventRounds "11"]
[EventCountry "GER"]
[Source "Mark Crowther"]
[SourceDate "2008.11.17"]

1. e4 c5 2. Nc3 a6 3. f4 b5 4. Nf3 Bb7 5. d3 e6 6. Be2 d5 7. e5 Nc6 8. O-O Nh6
9. Qe1 Be7 10. a4 b4 11. Nd1 O-O 12. Ne3 f6 13. Qg3 Kh8 14. Qh3 fxe5 15. fxe5
Qd7 16. Bd2 a5 17. g3 Ba6 18. Rae1 Rae8 19. Ng2 Nf5 20. Nf4 Kg8 21. g4 Nfd4 22.
Nxd4 Nxd4 23. Bd1 Bg5 24. c3 Nc6 25. Rf3 Rf7 26. Qg3 Bxf4 27. Rxf4 Ref8 28.
Rff1 Rxf1+ 29. Rxf1 Rxf1+ 30. Kxf1 Qf7+ 31. Kg2 h6 32. Be2 Qc7 33. Qf2 bxc3 34.
bxc3 Qxe5 35. g5 hxg5 36. Bh5 Bxd3 37. Qxc5 Qe4+ 38. Bf3 Qc4 39. Qd6 Bf5 40.
Qd7 Kh7 41. Qe8 Qh4 42. Qh5+ Qxh5 43. Bxh5 Bc2 44. Bf7 Bxa4 45. Bxe6 Bb3 46.
Bxg5 a4 47. Bc1 Kg6 48. Kf2 Kf6 49. Bh3 Ne5 50. Kg3 Nc4 51. Bf1 a3 52. Bxc4 a2
53. Bb2 dxc4 54. Kf4 Kg6 55. h4 Kf6 56. Ba1 Bc2 57. Bb2 Ke6 58. Ba1 Kd5 59. Bb2
Bd3 60. Ba1 Kc5 61. Ke3 Kb5 62. Kd2 Ka4 63. Kc1 Kb3 64. Bb2 a1=Q+ 65. Bxa1 g5
0-1

[Event "Olympiad"]
[Site "Dresden GER"]
[Date "2008.11.19"]
[Round "6"]
[White "Ahmed, Abdu"]
[Black "Noritsyn, Nikolay"]
[Result "1/2-1/2"]
[WhiteElo "2246"]
[BlackElo "2372"]
[PlyCount "196"]
[EventDate "2008.11.13"]
[EventType "team"]
[EventRounds "11"]
[EventCountry "GER"]
[Source "Mark Crowther"]
[SourceDate "2008.11.24"]

1. e4 c5 2. Nf3 Nc6 3. d4 cxd4 4. Nxd4 g6 5. c4 Bg7 6. Be3 Qb6 7. Nb5 Qa5+ 8.
Bd2 Qd8 9. Bc3 Nf6 10. Nd2 O-O 11. Be2 d6 12. O-O Qb6 13. a4 a5 14. Kh1 Nd7 15.
Bxg7 Kxg7 16. Nb1 Nf6 17. N1c3 Nb4 18. f4 Rd8 19. Rc1 Bd7 20. Qd2 Rac8 21. b3
Bc6 22. Bf3 Nd7 23. Nd5 Nxd5 24. exd5 Bxb5 25. axb5 Ra8 26. Rce1 Re8 27. Bd1
Qc5 28. Re3 Nf6 29. f5 g5 30. Rxe7 h6 31. Rfe1 Qb4 32. Qf2 a4 33. Rxe8 Rxe8 34.
Rxe8 Nxe8 35. Qd4+ Nf6 36. bxa4 Qe1+ 37. Qg1 Qd2 38. Qf1 b6 39. Be2 Ne4 40. g3
Kf6 41. Kg1 Nc3 42. Bf3 Nxa4 43. Qh3 Qd4+ 44. Kg2 Qb2+ 45. Kg1 Kg7 46. Qg4 Qc1+
47. Kg2 Qd2+ 48. Kh3 Nc5 49. Be2 Nd7 50. Qf3 Nf6 51. Qd3 Qb2 52. Kg2 Nd7 53.
Qe3 Ne5 54. Kf1 Qb1+ 55. Kg2 Qc2 56. Kg1 Kf6 57. g4 Kg7 58. h3 Qb1+ 59. Kf2 Qb2
60. Kf1 Qa1+ 61. Kg2 Qe1 62. Qf2 Qd2 63. Bf1 Qc3 64. f6+ Kg8 65. Qf5 Ng6 66.
Qc8+ Kh7 67. Qf5 Kg8 68. Qc8+ Kh7 69. Qf5 Qd2+ 70. Kg1 Qe3+ 71. Kg2 Kg8 72.
Qc8+ Kh7 73. Qf5 Qd2+ 74. Kg1 Qd4+ 75. Kh1 Kg8 76. Qc8+ Nf8 77. Qf5 Qe3 78. Kg2
Qd2+ 79. Kh1 Qe1 80. Kg2 Qe8 81. Bd3 Ng6 82. Kf2 Kf8 83. h4 gxh4 84. Qh5 Qe5
85. Bxg6 Qf4+ 86. Ke2 fxg6 87. Qxg6 Qg5 88. Qg7+ Qxg7 89. fxg7+ Kxg7 90. Kf3
Kf6 91. Kf4 Kg6 92. Ke4 Kf6 93. Kf4 Kf7 94. Kf3 Kg6 95. Ke4 Kf6 96. Kf4 Kg6 97.
Ke4 Kf6 98. Kf4 Kf7 1/2-1/2

[Event "Olympiad"]
[Site "Dresden GER"]
[Date "2008.11.21"]
[Round "8"]
[White "Chang, E1."]
[Black "Noritsyn, Nikolay"]
[Result "0-1"]
[WhiteElo "2056"]
[BlackElo "2372"]
[PlyCount "68"]
[EventDate "2008.11.13"]
[EventType "team"]
[EventRounds "11"]
[EventCountry "GER"]
[Source "Mark Crowther"]
[SourceDate "2008.11.24"]

1. e4 c5 2. Nc3 Nc6 3. g3 g6 4. Bg2 Bg7 5. d3 d6 6. Be3 Rb8 7. Qd2 Bd7 8. Nge2
Nd4 9. O-O h5 10. h4 b5 11. Nd1 b4 12. Nc1 Nc6 13. a3 a5 14. axb4 axb4 15. c3
Nf6 16. f3 Qc7 17. Kh2 O-O 18. Bh6 Bxh6 19. Qxh6 Ne5 20. Qd2 d5 21. Nf2 dxe4
22. dxe4 Bb5 23. Rd1 Nc4 24. Qe2 bxc3 25. bxc3 Ne5 26. Qc2 Bc4 27. Rd2 Rfd8 28.
Ne2 Bxe2 29. Rxe2 c4 30. Rd1 Rxd1 31. Qxd1 Rb3 32. Qd4 g5 33. hxg5 h4 34. Kh3
Nxf3 0-1

[Event "Olympiad"]
[Site "Dresden GER"]
[Date "2008.11.14"]
[Round "2"]
[White "Luna, Ra"]
[Black "Noritsyn, Nikolay"]
[Result "0-1"]
[WhiteElo "2133"]
[BlackElo "2372"]
[PlyCount "98"]
[EventDate "2008.11.13"]
[EventType "team"]
[EventRounds "11"]
[EventCountry "GER"]
[Source "Mark Crowther"]
[SourceDate "2008.11.17"]

1. d4 Nf6 2. c4 c5 3. d5 g6 4. Nc3 d6 5. e4 Bg7 6. h3 O-O 7. Nf3 Na6 8. Bd3 Nc7
9. O-O e5 10. dxe6 Nxe6 11. Be3 Bd7 12. Qc1 Re8 13. Rd1 Bc6 14. Nd5 a6 15. a4
Rb8 16. a5 Nd7 17. Qd2 Ne5 18. Nxe5 Bxe5 19. Rab1 Nd4 20. b4 cxb4 21. Bf1 Ne6
22. Qxb4 Qh4 23. Bd3 Kh8 24. Rf1 Bxd5 25. cxd5 Nf4 26. Bxf4 Qxf4 27. g3 Qf3 28.
Rb3 Qf6 29. Be2 Kg8 30. Rd1 Rec8 31. Rf3 Qd8 32. Rb1 Qc7 33. Rfb3 h5 34. Bf1 h4
35. Qb6 Qe7 36. Qe3 hxg3 37. fxg3 Qc7 38. Qf3 Rf8 39. h4 Kg7 40. h5 Rh8 41. g4
Qc5+ 42. Kg2 Qc7 43. Qe3 Qxa5 44. Rxb7 Qa2+ 45. Be2 Qxb1 46. Rxb1 Rxb1 47. Bxa6
Rb2+ 48. Be2 Rc8 49. Kf3 Rc3 0-1

[Event "Olympiad"]
[Site "Dresden GER"]
[Date "2008.11.17"]
[Round "5"]
[White "Al Subaihi, K."]
[Black "Bluvshtein, Mark"]
[Result "0-1"]
[WhiteElo "2187"]
[BlackElo "2557"]
[PlyCount "88"]
[EventDate "2008.11.13"]
[EventType "team"]
[EventRounds "11"]
[EventCountry "GER"]
[Source "Mark Crowther"]
[SourceDate "2008.11.17"]

1. e4 c5 2. Nf3 d6 3. d4 cxd4 4. Nxd4 Nf6 5. Nc3 a6 6. Bc4 e6 7. Bb3 b5 8. f3
Be7 9. Be3 Qc7 10. Qd2 Nc6 11. g4 Ne5 12. O-O-O Nc4 13. Bxc4 Qxc4 14. Kb1 b4
15. Nce2 Rb8 16. h4 g6 17. Nc1 h5 18. g5 Nd7 19. Rhe1 O-O 20. Bf2 e5 21. Nde2
a5 22. Ng3 a4 23. Nf1 Qb5 24. Ne3 Nb6 25. Bg3 Be6 26. f4 b3 27. cxb3 axb3 28.
a3 exf4 29. Bxf4 Rfd8 30. Ne2 Nc4 31. Nxc4 Qxc4 32. Nd4 Bd7 33. Rc1 Qa4 34. Rc3
Rdc8 35. Rec1 Rxc3 36. Rxc3 Rb4 37. Rd3 Rc4 38. Be3 Bf8 39. Nxb3 Rxe4 40. Bf2
Bf5 41. Ka1 Rc4 42. Re3 Rc2 43. Qe1 Bg7 44. Re2 Qxa3+ 0-1

[Event "Olympiad"]
[Site "Dresden GER"]
[Date "2008.11.23"]
[Round "10"]
[White "Canda, D."]
[Black "Bluvshtein, Mark"]
[Result "0-1"]
[WhiteElo "2289"]
[BlackElo "2557"]
[PlyCount "92"]
[EventDate "2008.11.13"]
[EventType "team"]
[EventRounds "11"]
[EventCountry "GER"]
[Source "Mark Crowther"]
[SourceDate "2008.11.24"]

1. e4 c5 2. Nf3 d6 3. d4 cxd4 4. Nxd4 Nf6 5. Nc3 a6 6. Bc4 e6 7. Bb3 b5 8. O-O
Be7 9. Qf3 Qb6 10. Be3 Qb7 11. Qg3 b4 12. Na4 Nbd7 13. f3 O-O 14. Rfd1 Kh8 15.
c3 Nc5 16. cxb4 Nxb3 17. Nxb3 Qxb4 18. Rd4 Qb5 19. Rad1 Bd7 20. Nc3 Qb7 21.
R4d2 Rfc8 22. Qf2 a5 23. Nd4 a4 24. Nde2 h6 25. Bf4 e5 26. Be3 Be6 27. h3 Rc4
28. g4 Rb4 29. Ng3 Rb8 30. Kg2 Rxb2 31. Nxa4 Rxd2 32. Rxd2 Qc6 33. Nb6 d5 34.
Rc2 Qb7 35. exd5 Nxd5 36. Nxd5 Bxd5 37. Ne2 f5 38. Ng1 Qd7 39. Kh2 Rf8 40. Qd2
fxg4 41. fxg4 Qe6 42. Ne2 Rd8 43. Rb2 Bxa2 44. Rxa2 Rxd2 45. Rxd2 Qb3 46. Bg1
Bg5 0-1

[Event "Olympiad"]
[Site "Dresden GER"]
[Date "2008.11.13"]
[Round "1"]
[White "Harikrishna, P."]
[Black "Bluvshtein, Mark"]
[Result "1/2-1/2"]
[WhiteElo "2659"]
[BlackElo "2557"]
[PlyCount "62"]
[EventDate "2008.11.13"]
[EventType "team"]
[EventRounds "11"]
[EventCountry "GER"]
[Source "Mark Crowther"]
[SourceDate "2008.11.17"]

1. d4 Nf6 2. c4 e6 3. Nf3 c5 4. d5 exd5 5. cxd5 d6 6. Nc3 g6 7. h3 a6 8. a4 Qe7
9. Bf4 Nbd7 10. e3 Bg7 11. Be2 O-O 12. O-O Ne8 13. Qc2 Nc7 14. e4 Rb8 15. Rab1
b5 16. b4 f5 17. Bg5 Qf7 18. axb5 Bxc3 19. Qxc3 fxe4 20. Nh2 Nxd5 21. Qa1 axb5
22. bxc5 Nxc5 23. Bxb5 Be6 24. Ng4 Bxg4 25. hxg4 Nc7 26. Bc6 Rxb1 27. Qxb1 d5
28. Bh6 Rd8 29. Bg5 Rf8 30. Bh6 Rd8 31. Bg5 Rf8 1/2-1/2

[Event "Olympiad"]
[Site "Dresden GER"]
[Date "2008.11.20"]
[Round "7"]
[White "Mak Kei Keng"]
[Black "Bluvshtein, Mark"]
[Result "0-1"]
[WhiteElo "2017"]
[BlackElo "2557"]
[PlyCount "61"]
[EventDate "2008.11.13"]
[EventType "team"]
[EventRounds "11"]
[EventCountry "GER"]
[Source "Mark Crowther"]
[SourceDate "2008.11.24"]

1. Nf3 Nf6 2. b3 d5 3. Bb2 c5 4. e3 Nc6 5. Bb5 e6 6. Ne5 Qc7 7. O-O Bd6 8. f4
O-O 9. d4 a6 10. Bxc6 bxc6 11. Nd2 a5 12. g4 cxd4 13. exd4 Nd7 14. Kh1 f6 15.
Nd3 Ba6 16. c4 e5 17. dxe5 fxe5 18. Nxe5 Nxe5 19. fxe5 Bxe5 20. Bxe5 Qxe5 21.
Rxf8+ Rxf8 22. Qe1 Qf6 23. Rc1 dxc4 24. bxc4 Qd6 25. Qe3 c5 26. Rf1 Rxf1+ 27.
Nxf1 Bxc4 28. Qe8+ Qf8 29. Qxf8+ Kxf8 30. Nd2 Bxa2 31. Ne4 0-1

[Event "Olympiad w"]
[Site "Dresden GER"]
[Date "2008.11.16"]
[Round "4"]
[White "Khoudgarian, N."]
[Black "Houska, Jo"]
[Result "1/2-1/2"]
[WhiteElo "2149"]
[BlackElo "2399"]
[PlyCount "82"]
[EventDate "2008.11.13"]
[EventType "team"]
[EventRounds "11"]
[EventCountry "GER"]
[Source "Mark Crowther"]
[SourceDate "2008.11.17"]

1. e4 c6 2. d4 d5 3. Nd2 dxe4 4. Nxe4 Bf5 5. Ng3 Bg6 6. h4 h6 7. f4 e6 8. Nf3
Nd7 9. h5 Bh7 10. Bd3 Bxd3 11. Qxd3 Ngf6 12. Bd2 c5 13. O-O-O cxd4 14. f5 e5
15. Rhe1 Be7 16. Nxe5 Nxe5 17. Rxe5 O-O 18. Ne4 Nxe4 19. Rxe4 Bf6 20. g4 Rc8
21. Kb1 Qb6 22. g5 hxg5 23. Rh1 Rfe8 24. Rxe8+ Rxe8 25. h6 Qc6 26. Qh3 Re4 27.
Qh5 gxh6 28. Qxh6 Rh4 29. Rxh4 gxh4 30. a3 Qh1+ 31. Bc1 Bg7 32. Qg5 Qd5 33.
Qxh4 Qxf5 34. Qd8+ Bf8 35. Qxd4 a6 36. Qg1+ Qg6 37. Qd4 Bh6 38. Qd8+ Kh7 39.
Qh4 b5 40. b3 Qe6 41. a4 bxa4 1/2-1/2

[Event "Olympiad w"]
[Site "Dresden GER"]
[Date "2008.11.25"]
[Round "11"]
[White "Khoudgarian, N."]
[Black "Leite, C."]
[Result "1/2-1/2"]
[WhiteElo "2149"]
[BlackElo "2153"]
[PlyCount "145"]
[EventDate "2008.11.13"]
[EventType "team"]
[EventRounds "11"]
[EventCountry "GER"]
[Source "Mark Crowther"]
[SourceDate "2008.12.01"]

1. e4 e5 2. Nf3 Nc6 3. Nc3 Nf6 4. d4 exd4 5. Nxd4 Bb4 6. Nxc6 bxc6 7. Bd3 O-O
8. O-O d5 9. e5 Ng4 10. Bf4 f6 11. exf6 Qxf6 12. Bg3 Bd6 13. Be2 Ne5 14. Kh1
Rb8 15. b3 Ng6 16. Bxd6 cxd6 17. Qd2 Kh8 18. Rad1 Qe5 19. Qd4 Bf5 20. Qxe5 dxe5
21. Rd2 Nf4 22. Bf3 e4 23. Bd1 Rbd8 24. Re1 Rfe8 25. Ne2 Nxe2 26. Bxe2 d4 27.
Bc4 c5 28. Kg1 h6 29. h3 g5 30. Rde2 Kg7 31. Bb5 Re5 32. Bc6 Kf6 33. Bxe4 Rde8
34. f3 Bxe4 35. fxe4 Kg6 36. g4 R8e6 37. Kg2 Rf6 38. Rf2 Rfe6 39. Rf5 Rxe4 40.
Rxe4 Rxe4 41. Rxc5 Re2+ 42. Kf3 Re3+ 43. Kg2 Re2+ 44. Kf1 Re3 45. Rd5 Rxh3 46.
Rxd4 Rc3 47. Rc4 Rf3+ 48. Kg2 Rf6 49. b4 Ra6 50. Kf3 h5 51. b5 Ra3+ 52. Kg2
hxg4 53. Rc6+ Kf5 54. Rc5+ Kf4 55. Rc4+ Kf5 56. Rc5+ Kf4 57. Rc4+ Kf5 58. c3
Rxa2+ 59. Kg3 Re2 60. Rc7 Re5 61. c4 Re3+ 62. Kg2 Ra3 63. Rf7+ Ke6 64. Rg7 Kf5
65. c5 Ra2+ 66. Kg3 Ra3+ 67. Kf2 g3+ 68. Kg2 Kg4 69. c6 Ra2+ 70. Kg1 Ra1+ 71.
Kg2 Ra2+ 72. Kf1 Ra1+ 73. Kg2 1/2-1/2

[Event "Olympiad w"]
[Site "Dresden GER"]
[Date "2008.11.14"]
[Round "2"]
[White "Khoudgarian, N."]
[Black "Munoz, Ca"]
[Result "1/2-1/2"]
[WhiteElo "2149"]
[BlackElo "2026"]
[PlyCount "67"]
[EventDate "2008.11.13"]
[EventType "team"]
[EventRounds "11"]
[EventCountry "GER"]
[Source "Mark Crowther"]
[SourceDate "2008.11.17"]

1. e4 c5 2. Nf3 Nc6 3. c3 d5 4. exd5 Qxd5 5. d4 Bg4 6. Be2 cxd4 7. cxd4 e6 8.
O-O Nf6 9. Nc3 Qa5 10. Be3 Bd6 11. a3 O-O 12. h3 Bh5 13. b4 Qd8 14. Qb3 Rc8 15.
Rfd1 Ne7 16. Bg5 Nfd5 17. Nxd5 exd5 18. Rac1 f6 19. Rxc8 Qxc8 20. Rc1 Qd7 21.
Bd2 Rc8 22. Re1 Qc7 23. Qe3 Bf7 24. Bd1 Nf5 25. Qd3 Bg6 26. Bb3 Ne7 27. Qe2 Kf8
28. Nh4 Bf7 29. Qg4 Rd8 30. Nf5 Nxf5 31. Qxf5 Bg6 32. Qe6 Bf7 33. Qf5 Bg6 34.
Qe6 1/2-1/2

[Event "Olympiad w"]
[Site "Dresden GER"]
[Date "2008.11.20"]
[Round "7"]
[White "Khoudgarian, N."]
[Black "Muzychuk, A."]
[Result "0-1"]
[WhiteElo "2149"]
[BlackElo "2508"]
[PlyCount "42"]
[EventDate "2008.11.13"]
[EventType "team"]
[EventRounds "11"]
[EventCountry "GER"]
[Source "Mark Crowther"]
[SourceDate "2008.11.24"]

1. e4 e5 2. Nf3 Nc6 3. Nc3 Bc5 4. Nxe5 Nxe5 5. d4 Bd6 6. dxe5 Bxe5 7. Bc4 Ne7
8. Qh5 Bxc3+ 9. bxc3 O-O 10. O-O d6 11. Bg5 Qe8 12. Rfe1 Ng6 13. Rab1 Be6 14.
Bxe6 Qxe6 15. Rxb7 Qxa2 16. Rxc7 Qa5 17. Rd7 h6 18. h4 hxg5 19. hxg5 Rfd8 20.
Rxd8+ Rxd8 21. Re3 Qd5 0-1

[Event "Olympiad w"]
[Site "Dresden GER"]
[Date "2008.11.21"]
[Round "8"]
[White "Yuan, Yuanling"]
[Black "Azarova, N."]
[Result "0-1"]
[WhiteElo "2157"]
[BlackElo "2308"]
[PlyCount "112"]
[EventDate "2008.11.13"]
[EventType "team"]
[EventRounds "11"]
[EventCountry "GER"]
[Source "Mark Crowther"]
[SourceDate "2008.11.24"]

1. e4 c5 2. Nf3 d6 3. d4 cxd4 4. Nxd4 Nf6 5. Nc3 g6 6. Be3 Bg7 7. f3 O-O 8. Qd2
Nc6 9. Bc4 Bd7 10. h4 Ne5 11. Bb3 h5 12. O-O-O Rc8 13. Kb1 Re8 14. Nde2 b5 15.
Nf4 a5 16. Ncd5 Nxd5 17. Nxd5 Rc6 18. a3 e6 19. Nf4 Qc7 20. Ne2 Rc8 21. Rc1 b4
22. a4 Qd8 23. Bd4 Kh7 24. f4 Ng4 25. Bxg7 Kxg7 26. Ng3 Qb6 27. Rhe1 Qf2 28.
Qxf2 Nxf2 29. Rf1 Ng4 30. Rfe1 Kf8 31. Rcd1 Ke7 32. Re2 Rc5 33. Rd3 R8c6 34.
Red2 Bc8 35. Rf3 Ba6 36. Ne2 Nf6 37. Re3 Rb6 38. Rd4 Ng4 39. Red3 Bxd3 40. Rxd3
e5 41. Rf3 Nf6 42. Re3 Kf8 43. g3 Rb7 44. Kc1 Re7 45. f5 gxf5 46. exf5 d5 47.
Kd2 d4 48. Rf3 Kg7 49. Rf1 Rc6 50. Kd3 Rd7 51. Kd2 Ne4+ 52. Ke1 d3 53. cxd3 Nc5
54. Bc4 Nxd3+ 55. Bxd3 Rxd3 56. Rg1 Rc4 0-1

[Event "Olympiad w"]
[Site "Dresden GER"]
[Date "2008.11.19"]
[Round "6"]
[White "Yuan, Yuanling"]
[Black "Esquivel de Leon, A."]
[Result "1-0"]
[WhiteElo "2157"]
[BlackElo "2037"]
[PlyCount "49"]
[EventDate "2008.11.13"]
[EventType "team"]
[EventRounds "11"]
[EventCountry "GER"]
[Source "Mark Crowther"]
[SourceDate "2008.11.24"]

1. e4 c5 2. Nf3 e6 3. d4 cxd4 4. Nxd4 Nc6 5. Nc3 a6 6. Be2 Qc7 7. O-O Nf6 8.
Be3 Be7 9. Kh1 O-O 10. f4 d6 11. Qe1 Nxd4 12. Bxd4 b5 13. Qg3 Bb7 14. a3 Rac8
15. Rae1 Rfd8 16. Bd3 d5 17. Be5 Qb6 18. exd5 Bxd5 19. Nxd5 Rxd5 20. Rf3 Qd8
21. Bxh7+ Kf8 22. Bd3 a5 23. Qh4 Ng8 24. Bxg7+ Kxg7 25. Rg3+ 1-0

[Event "Olympiad w"]
[Site "Dresden GER"]
[Date "2008.11.23"]
[Round "10"]
[White "Yuan, Yuanling"]
[Black "Matoussi, Amina"]
[Result "1-0"]
[WhiteElo "2157"]
[BlackElo "1761"]
[PlyCount "55"]
[EventDate "2008.11.13"]
[EventType "team"]
[EventRounds "11"]
[EventCountry "GER"]
[Source "Mark Crowther"]
[SourceDate "2008.11.24"]

1. e4 e5 2. Nf3 Nf6 3. Nxe5 d6 4. Nf3 Nxe4 5. d4 d5 6. Bd3 Bd6 7. O-O O-O 8. c4
c6 9. Nc3 Bf5 10. Qc2 Re8 11. Re1 Na6 12. a3 Bg4 13. Ne5 Ng5 14. cxd5 cxd5 15.
f4 f6 16. fxg5 fxe5 17. Bxh7+ Kh8 18. Bg6 Rf8 19. dxe5 Bc5+ 20. Kh1 Bf2 21. Rf1
Bd4 22. Bf4 Nc5 23. h3 Ne6 24. Bh2 Rxf1+ 25. Rxf1 Bxc3 26. bxc3 Qxg5 27. hxg4
Qxg4 28. Bf5 1-0

[Event "Olympiad w"]
[Site "Dresden GER"]
[Date "2008.11.13"]
[Round "1"]
[White "Yuan, Yuanling"]
[Black "Ordaz Valdes, L."]
[Result "1/2-1/2"]
[WhiteElo "2157"]
[BlackElo "2306"]
[PlyCount "99"]
[EventDate "2008.11.13"]
[EventType "team"]
[EventRounds "11"]
[EventCountry "GER"]
[Source "Mark Crowther"]
[SourceDate "2008.11.17"]

1. e4 c5 2. Nf3 e6 3. d4 cxd4 4. Nxd4 a6 5. Bd3 Bc5 6. Nb3 Ba7 7. O-O d6 8. Nc3
Nc6 9. Qe2 Nge7 10. Be3 e5 11. Bxa7 Rxa7 12. a4 Be6 13. Bc4 O-O 14. Rad1 Qc8
15. Bxe6 Qxe6 16. Rd2 Raa8 17. Nd5 Rad8 18. Rfd1 Kh8 19. c3 g6 20. Na1 f5 21.
f3 Ng8 22. Nc2 Nce7 23. Ncb4 Nxd5 24. Nxd5 Ne7 25. Qe3 Nxd5 26. Rxd5 fxe4 27.
fxe4 Rf6 28. h3 Qe7 29. Qb6 Rd7 30. c4 Qf8 31. Qe3 Rdf7 32. Kh2 Rc7 33. b3 Rc6
34. Qd3 b6 35. a5 bxa5 36. Rxa5 Rf2 37. Rd5 Rb2 38. Rf1 Qb8 39. Qf3 Qd8 40. Rd3
Qe7 41. Qg4 Kg7 42. Rg3 a5 43. h4 a4 44. bxa4 Rxc4 45. Rgf3 Rcc2 46. Rf7+ Qxf7
47. Rxf7+ Kxf7 48. Qd7+ Kg8 49. Qe6+ Kg7 50. Qe7+ 1/2-1/2

[Event "Olympiad w"]
[Site "Dresden GER"]
[Date "2008.11.22"]
[Round "9"]
[White "Yuan, Yuanling"]
[Black "Ubaldo Suarez, M."]
[Result "1-0"]
[WhiteElo "2157"]
[BlackElo "2089"]
[PlyCount "73"]
[EventDate "2008.11.13"]
[EventType "team"]
[EventRounds "11"]
[EventCountry "GER"]
[Source "Mark Crowther"]
[SourceDate "2008.11.24"]

1. e4 c5 2. Nf3 g6 3. d4 cxd4 4. Nxd4 Bg7 5. c4 d6 6. Nc3 Nf6 7. Be2 Nc6 8. Be3
Bd7 9. O-O O-O 10. f3 Ne5 11. Qd2 a6 12. Rfd1 h5 13. a4 Rc8 14. b3 Kh7 15. Nc2
Bc6 16. a5 Nfd7 17. h3 Nc5 18. Ra3 f5 19. exf5 gxf5 20. Nd4 Rf6 21. Nxc6 Rxc6
22. Nd5 Rf7 23. Nf4 Qg8 24. Nxh5 Bh8 25. Qe1 Ng6 26. b4 Nd7 27. f4 Nf6 28. b5
Rc8 29. Bc1 Nxh5 30. Bxh5 Bf6 31. Bf3 Nh4 32. Bxb7 Rxc4 33. Bd5 Rd4 34. Rxd4
Bxd4+ 35. Kh1 e6 36. Qxh4+ Kg7 37. Rg3+ 1-0

[Event "Olympiad w"]
[Site "Dresden GER"]
[Date "2008.11.25"]
[Round "11"]
[White "Kagramanov, D."]
[Black "Baptista, A."]
[Result "0-1"]
[WhiteElo "2118"]
[BlackElo "2168"]
[PlyCount "64"]
[EventDate "2008.11.13"]
[EventType "team"]
[EventRounds "11"]
[EventCountry "GER"]
[Source "Mark Crowther"]
[SourceDate "2008.12.01"]

1. e4 c5 2. Nf3 e6 3. b3 Nc6 4. Bb2 d6 5. Bb5 Bd7 6. Qe2 a6 7. Bxc6 Bxc6 8. d4
cxd4 9. Nxd4 e5 10. Nxc6 bxc6 11. O-O Nf6 12. f4 exf4 13. e5 dxe5 14. Qxe5+ Be7
15. Re1 Ra7 16. Bd4 Rd7 17. Bc5 O-O 18. Bxe7 Rxe7 19. Qxe7 Qd4+ 20. Kh1 Qxa1
21. Nd2 Qc3 22. Nf3 Qxc2 23. Nd4 Qxa2 24. Nf5 Qf2 25. Qe5 f3 26. Rg1 Re8 27.
Ne7+ Kf8 28. gxf3 Qxf3+ 29. Rg2 Rxe7 30. Qb8+ Re8 31. Qb4+ Kg8 32. h4 Re2 0-1

[Event "Olympiad w"]
[Site "Dresden GER"]
[Date "2008.11.15"]
[Round "3"]
[White "Barron, I."]
[Black "Gloria, S."]
[Result "1-0"]
[WhiteElo "2071"]
[BlackElo "1562"]
[PlyCount "75"]
[EventDate "2008.11.13"]
[EventType "team"]
[EventRounds "11"]
[EventCountry "GER"]
[Source "Mark Crowther"]
[SourceDate "2008.11.17"]

1. d4 e6 2. c4 b6 3. Nc3 Bb7 4. e4 d6 5. Be3 Nf6 6. f3 Be7 7. Nh3 Nbd7 8. Nf2
c5 9. d5 e5 10. Qd2 Nh5 11. g3 h6 12. Be2 Bc8 13. f4 Nhf6 14. f5 Nh7 15. h4
Ndf6 16. g4 Bd7 17. O-O-O a6 18. g5 hxg5 19. hxg5 Ng8 20. g6 Bg5 21. Bxg5 Qxg5
22. Qxg5 Nxg5 23. Rxh8 Kf8 24. gxf7 Kxf7 25. Rg1 Nxe4 26. Nfxe4 Bxf5 27. Nxd6+
Kf6 28. Nxf5 Kxf5 29. Rxg7 Kf6 30. Rhxg8 Rxg8 31. Rxg8 Ke7 32. Ne4 a5 33. d6+
Kd7 34. Bg4+ Kc6 35. d7 b5 36. d8=Q bxc4 37. Rg6+ Kb5 38. Qb6+ 1-0

[Event "Olympiad w"]
[Site "Dresden GER"]
[Date "2008.11.22"]
[Round "9"]
[White "Barron, I."]
[Black "Otazo, A."]
[Result "1/2-1/2"]
[WhiteElo "2071"]
[BlackElo "1942"]
[PlyCount "128"]
[EventDate "2008.11.13"]
[EventType "team"]
[EventRounds "11"]
[EventCountry "GER"]
[Source "Mark Crowther"]
[SourceDate "2008.11.24"]

1. d4 Nf6 2. c4 e6 3. Nc3 Bb4 4. Qc2 O-O 5. Nf3 c5 6. dxc5 Na6 7. a3 Bxc3+ 8.
Qxc3 Nxc5 9. Bg5 Nce4 10. Bxf6 Qxf6 11. Qxf6 Nxf6 12. e3 b6 13. Be2 Ba6 14. b4
Rfc8 15. b5 Bb7 16. O-O a6 17. Nd4 Ne4 18. Rfc1 Nc5 19. f3 e5 20. Nf5 Nb3 21.
Ne7+ Kf8 22. Nxc8 Rxc8 23. Rcb1 Nxa1 24. Rxa1 axb5 25. cxb5 Rc2 26. Kf1 Ke7 27.
a4 d5 28. a5 bxa5 29. Rxa5 Kd6 30. Ra7 Kc7 31. Ra4 Rb2 32. Rg4 g6 33. Rh4 h5
34. Ra4 Kb6 35. g4 hxg4 36. Rxg4 Bc8 37. Rg5 Bf5 38. e4 dxe4 39. fxe4 Bxe4 40.
Rxe5 Bf5 41. h4 Bd7 42. Re7 Be6 43. Re8 Kc5 44. Rd8 Rb4 45. h5 gxh5 46. Bxh5
Rxb5 47. Kf2 Rb4 48. Ke3 f5 49. Bf3 Ra4 50. Rd2 f4+ 51. Kf2 Ra3 52. Rd8 Ra2+
53. Ke1 Bh3 54. Rd2 Ra1+ 55. Kf2 Kc4 56. Be2+ Kc5 57. Bf3 Rf1+ 58. Ke2 Rg1 59.
Kf2 Rg8 60. Rd5+ Kc4 61. Re5 Rd8 62. Re4+ Rd4 63. Rxd4+ Kxd4 64. Bb7 Ke5
1/2-1/2

[Event "Olympiad w"]
[Site "Dresden GER"]
[Date "2008.11.19"]
[Round "6"]
[White "Smith, H."]
[Black "Guerrero Rodriguez, Alej"]
[Result "0-1"]
[WhiteElo "2057"]
[BlackElo "2143"]
[PlyCount "60"]
[EventDate "2008.11.13"]
[EventType "team"]
[EventRounds "11"]
[EventCountry "GER"]
[Source "Mark Crowther"]
[SourceDate "2008.11.24"]

1. e4 e6 2. d4 d5 3. Nd2 c5 4. exd5 Qxd5 5. dxc5 Bxc5 6. Ngf3 Nf6 7. Bc4 Qh5 8.
O-O O-O 9. Nb3 Bb6 10. Qe2 Bc7 11. Re1 Nc6 12. h3 h6 13. Nbd4 Ne7 14. Bxe6 fxe6
15. Nxe6 Bxe6 16. Qxe6+ Rf7 17. Ne5 Bxe5 18. Rxe5 Qd1+ 19. Re1 Qxc2 20. Bxh6
gxh6 21. Re3 Ng6 22. Rae1 Rd8 23. Rc3 Qd2 24. Rc7 Qd5 25. Rc8 Qxg2+ 26. Kxg2
Nf4+ 27. Kh2 Nxe6 28. Rc3 Ng5 29. Rg3 Nh5 30. Rg2 Nf4 0-1